Statistics for Countries Without A Roman Numeral In Their Name

Click here to take the quiz!

General Stats

  • This quiz has been taken 78 times
  • The average score is 8 of 22

Answer Stats

Answer% Correct
Japan
67%
Peru
61%
Norway
55%
Egypt
52%
Turkey
50%
Paraguay
47%
Togo
44%
Qatar
42%
Tonga
39%
Ghana
36%
Kenya
36%
Uruguay
36%
Bhutan
35%
Nauru
33%
North Korea
33%
South Korea
33%
Hungary
27%
Guyana
24%
Gabon
20%
Botswana
14%
Kazakhstan
12%
Kyrgyzstan
12%

Score Distribution

Percentile by Number Answered

Percent of People with Each Score

Your Score History

You have not taken this quiz